Myologie du membre supérieur - Statistiques

Statistiques générales
  • Ce quiz a été pris 61 fois
  • Le résultat moyen est 9 sur 35
Statistiques - réponses
Muscles Réponse % Correct
Origine : Triceps brachial chef médial Face postérieur de l'humérus
68%
Origine : Triceps brachial chef latérale Face postérieur de l'humérus
68%
Terminaison : Coraco-brachial Humérus
68%
Origine : Petit pectoral Scapula
58%
Terminaison : Sous clavier Clavicule
55%
Origine : Biceps brachial chef court Processus coracoïde
55%
Terminaison : Sus-épineux (supra) Tubercule majeur de l'humérus ( face supérieur )
55%
Terminaison : Sous-scapulaire (sub) Tubercule mineur de l'humérus
52%
Origine : Deltoïde 3 faisceaux : entre clavicule , acromion et épine scapulaire
48%
Terminaison : Trapèze Acromion ; épine scapulaire ; tiers postérieur de la clavicule
48%
Origine : Coraco-Brachial Apophyse coracoïde
42%
Origine : Sus-épineux (supra) Fosse supra-épineuse
35%
Terminaison : Deltoïde Tubérosité deltoïdienne de l'humérus
29%
Origine : Sous-scapulaire (sub) Fosse subscapulaire
23%
Terminaison : Triceps brachial le tendon du triceps : Sur la faces proximal , dorsale et crâniale de l’olécrane de l’ulna
23%
Origine : Sous-clavier 1ère côte
19%
Origine : Trapèze Os occipital ; ligament nuchal ; processus épineux C7 à T12
19%
Terminaison : Grand rond Sillon inter-tuberculaire de l’humérus
19%
Origine : Sous-épineux (infra) Fosse sous-épineuse
16%
Origine : Petit rond Face inférieurs de la face dorsale du bord latéral de la scapula
13%
Origine : Biceps brachial chef long Tubercule supra-glénoïdien
13%
Terminaison : Petit pectoral Cotes 3 ,4 ,5
10%
Origine triceps brachial chef long Tubercule infra-glénoïdien
10%
Origine : Grand pectoral Bord antérieur clavicule ; + Côtes 2 à 6 ; + Aponévrose du grand droit de l'abdomen
6%
Origine : Grand dentelé Côtes 1 à 9
6%
Origine : Grand dorsal Crête iliaque ; 4 dernières côtes ; lombaires ; remonte jusqu'à T7
6%
Origine : Grand rond Face dorsale de l’angle inférieur de la scapula , sous le muscle petit rond
6%
Terminaison : Sous-épineux (infra) Tubercule majeur de l'humérus ( face postérieur )
6%
Terminaison : Grand pectoral Base du sillon inter-tuberculaire de l'humérus
3%
Terminaison : Grand dorsal Côté interne de l'humérus
3%
Origine : Brachial Antérieure Diaphyse de l'humérus
3%
Terminaison : Grand dentelé Scapula ( face antérieur )
3%
Terminaison Biceps brachial Tubérosité bicipitale du radius
3%
Terminaison : Petit rond Face postérieur du tubercule majeur de l’humérus , en arrière du muscle infra-épineux
0%
Terminaison : Brachial Antérieure Processus conoïde de l’ulna et sur la tubérosité ulnaire .
0%
Aucun quiz correspondant
Distribution des résultats
% des personnes avec chaque résultat
Percentile par nombre de réponses
Votre historique - résultats
Vous n’avez pas pris ce quiz